|
|
|
|
| LEADER |
01540nam a22004578a 4500 |
| 001 |
000014823 |
| 003 |
11193 |
| 005 |
20120515080512.0 |
| 008 |
120515s1998 b 000 0 od |
| 020 |
|
|
|d 700b
|
| 041 |
0 |
|
|a 9901
|
| 041 |
0 |
|
|a vie
|
| 080 |
|
|
|a T
|
| 082 |
|
|
|a 808.83
|b Tuy
|
| 084 |
|
|
|a V6(0)5/6-44
|b T523ể
|
| 100 |
1 |
|
|a Âymê, M.
|
| 245 |
1 |
0 |
|a Tuyển tập truyện ngắn thế giới chọn lọc
|c Âymê, M.
|n T.3
|p Kim Ân..
|
| 260 |
|
|
|a H.
|b Văn học
|c 1998
|
| 300 |
|
|
|a 554tr
|c 19cm
|
| 490 |
|
|
|a Văn học nước ngoài
|
| 505 |
|
|
|a T.3 / M. Âymê, R. Bringer Aitmatôp.. ; Người dịch: Kim Ân..
|
| 653 |
|
|
|a Tuyển tập
|
| 653 |
|
|
|a văn học hiện đại
|
| 653 |
|
|
|a thế giới
|
| 653 |
|
|
|a truyện ngắn
|
| 700 |
1 |
|
|a Aitmatôp, R. Bringer
|e Tác giả
|
| 700 |
1 |
|
|a Buzzati, D.
|e Tác giả
|
| 700 |
1 |
|
|a Climalơba, L.
|e Tác giả
|
| 700 |
1 |
|
|a Gocki, M.
|e Tác giả
|
| 700 |
1 |
|
|a Karamdin, N.
|e Tác giả
|
| 773 |
|
|
|d Nxb. Văn học
|d H.
|d 1998
|t Tuyển tập truyện ngắn thế giới chọn lọc
|w 11192
|
| OWN |
|
|
|a LSP
|
| AVA |
|
|
|a UDN50
|b LSP
|d 808.83 Tuy
|e available
|t Error 5001 Not defined in file expand_doc_bib_avail.
|f 1
|g 0
|h N
|i 0
|k 1
|
| 999 |
|
|
|a From the UDN01
|
| AVA |
|
|
|a UDN50
|b LSP
|d 808.83 Tuy
|e available
|t Error 5001 Not defined in file expand_doc_bib_avail.
|f 1
|g 0
|h N
|i 0
|k 1
|
| TYP |
|
|
|a Monograph
|
| TYP |
|
|
|a Printed language
|
| 980 |
|
|
|a Mạng thư viện Đại học Đà Nẵng
|